000 00748nam a2200205 i 4500
001 187101
003 23362
090 _a187101
100 _a20130822d9999 u||y0 y50 zz
105 _a 000yy
106 _ay
200 _aПовесть о настоящем человеке
_eдля среднего и старшего школьного возраста
_fБорис Полевой
210 _d1977
_aКиїв
_cВеселка
215 _a327 с.
__327
_cилюстрации
225 _aШкольная библиотека
246 0 _bдля среднего и старшего школьного возраста
675 _a821.161.1
700 _aПолевой
_bБ.
942 _2udc
_cBOOK
_j821.161.1
_z23362
999 _c23362
_d23362